| 000 | 00740nam a2200229 a 4500 | ||
|---|---|---|---|
| 999 |
_c1422 _d1422 |
||
| 001 | 1422 | ||
| 003 | BD-JhCC | ||
| 005 | 20200413134008.0 | ||
| 008 | 171019s2006 bg a|||| |||| 000 0 ben d | ||
| 020 | _a9844654505 | ||
| 035 | _a(BD-JhCC)1422 | ||
| 040 |
_aBD-JhCC _dBD-JhCC |
||
| 041 | _aben | ||
| 082 |
_a891.4435 _bAHM 2006 |
||
| 100 | _aআহমেদ, এখলাসউদ্দিন | ||
| 245 |
_aবাছাই গল্প-উপন্যাস / _c এখলাসউদ্দিন আহমেদ |
||
| 260 |
_aঢাকা : _bসাহিত্য প্রকাশ, _c২০০৬. |
||
| 300 |
_a৫১১ পৃ. : _c২১ সেমি. |
||
| 650 | _aShort stories,Bengali | ||
| 942 |
_2ddc _cBK _02 |
||